zpět

Detail výsledku týmu

Burger & Beer Brothers, Olomouc

Datum a čas kvízu

18 Celkem bodů Celkový počet nahraných bodů na tomto kvízu bez doplňovacích otázek.
6. Pořadí na kvízu Konečné umístění týmu na tomto kvízu.

Zaznamenané odpovědi

# Otázka Odpověď Body Výsledky
1. Předsedou KDU-ČSL se na pátečn... Marek Výborný 0
2. Letadlo charterové společnosti... Edinburgh 0
3. Čtvrté manželství amerického h... Nicolas Cage 1
4. Po Zootu se v problémech ocitá... Kulina.cz 1
5. 37letý záložník, hráč klubu AC... Marek Matějovský 0
6. Vaším úkolem bude uhodnout kře... Jaroslav / Tomáš Satoranský 0
7. Nejstarší muž z naší trojice b... Otokar / Karel / Michal Březina 0
8. Úspěšný kanadský režisér se na... James / David Cameron 0
9. Tento anglický herec, držitel... Clive / Michael Owen 0
10. Americký politik a aktivista,... John / James / Melanie Brown 0